Seminarios socráticos en la escuela : una herramienta eficaz para desarrollar estrategias cognitivas en los alumnos /

¿Cómo lograr que se optimicen los procesos cognitivos? ¿Cómo mejorar la calidad de los aprendizajes de los niños? Estas son las grandes interrogantes que se plantean profesores y todos quienes trabajan en educación. Una propuesta innovadora para revertir esta situación es el programa de Aula Socráti...

Descripción completa

Detalles Bibliográficos
Autor principal: Orellana, Pelusa
Formato: Analitica de revista
Lenguaje:español
Publicado: Santiago, Chile Pontificia Universidad Católica de Chile 2003

MARC

LEADER 00000cab a2200000 a 4500
001 036397
003 UAHC_CL
005 20170803124001.0
008 030922s1994 cl f 000 spa
040 |a UAHC_CL  |c UAHC_CL  |d UAHC_CL 
100 1 |a Orellana, Pelusa 
245 1 0 |a Seminarios socráticos en la escuela :  |b una herramienta eficaz para desarrollar estrategias cognitivas en los alumnos /  |c Pelusa Orellana. 
260 |b Pontificia Universidad Católica de Chile  |c 2003  |a Santiago, Chile 
300 |a p. 329-342 
500 |a En: Pensamiento educativo, nû32, 2003. p.329-342. ISSN 07171013. 
500 |a En: Pensamiento educativo, n°32, 2003. p.329-342. ISSN 07171013. 
500 |a En: Pensamiento educativo, nç32, 2003. p.329-342. ISSN 07171013. 
520 |a ¿Cómo lograr que se optimicen los procesos cognitivos? ¿Cómo mejorar la calidad de los aprendizajes de los niños? Estas son las grandes interrogantes que se plantean profesores y todos quienes trabajan en educación. Una propuesta innovadora para revertir esta situación es el programa de Aula Socrática, introducido en USA por Mortimer Adler en 1982. Este consiste en instancias en las cuales los alumnos, a partir de un texto leído y analizado cuidadosamente, establecen una conversación profunda generándose una comunidad de aprendices en un ambiente de respeto mutuo y de alto nivel intelectual. El objetivo de este artículo es dar cuenta de este novedoso sistema de aprendizaje, y sus ventajas y resultados a partir de su aplicación en algunas escuelas y colegios de Chile y USA. Se propone como una valiosa contribución al desarrollo de nuevos enfoques didácticos en el marco de lo que serán los desafíos cognitivos para el nuevo siglo. 
520 |a ¿Cómo lograr que se optimicen los procesos cognitivos? ¿Cómo mejorar la calidad de los aprendizajes de los niños? Estas son las grandes interrogantes que se plantean profesores y todos quienes trabajan en educación. Una propuesta innovadora para revertir esta situación es el programa de Aula Socrática, introducido en USA por Mortimer Adler en 1982. Este consiste en instancias en las cuales los alumnos, a partir de un texto leído y analizado cuidadosamente, establecen una conversación profunda generándose una comunidad de aprendices en un ambiente de respeto mutuo y de alto nivel intelectual. El objetivo de este artículo es dar cuenta de este novedoso sistema de aprendizaje, y sus ventajas y resultados a partir de su aplicación en algunas escuelas y colegios de Chile y USA. Se propone como una valiosa contribución al desarrollo de nuevos enfoques didácticos en el marco de lo que serán los desafíos cognitivos para el nuevo siglo. 
759 |a PP160 
773 0 |t Revista PRELAC  |w 041234 
900 |a PENSAMIENTO EDUCATIVO-32/03 
942 |c REVA 
952 |0 0  |1 0  |4 0  |6 PENSAMIENTO_EDUCATIVO32_03_000000000000000  |7 0  |8 General  |9 69118  |a BC  |b BC  |c General  |d 2017-08-03  |l 0  |o PENSAMIENTO EDUCATIVO-32/03  |p FICTICIO4986  |r 2019-01-08 00:00:00  |t 1  |w 2017-08-03  |y REVA 
999 |c 36397  |d 36397